Normal view
MARC view
- Parkinson, A C
Entry Personal Name
001 - CONTROL NUMBER
- control field: 7310
003 - CONTROL NUMBER IDENTIFIER
- control field: OSt
005 - DATE AND TIME OF LATEST TRANSACTION
- control field: 20250320153453.0
008 - FIXED-LENGTH DATA ELEMENTS
- fixed length control field: 250320|| aca||aabn | a|a d
040 ## - CATALOGING SOURCE
- Original cataloging agency: OSt
- Transcribing agency: OSt
100 ## - HEADING--PERSONAL NAME
- Personal name: Parkinson, A C
670 ## - SOURCE DATA FOUND
- Source citation: Work cat.: (OSt)10455: Parkinson, A C ., Thread grinding and measurement / , 1949.
